| 000 | 00926nam a2200265 i 4500 | ||
|---|---|---|---|
| 001 | bg | ||
| 100 | 1 | _aDAVIDSON, Jeffrey P. | |
| 245 | 1 | 0 |
_aAsertywność / _cJeff Davidson ; przeł. [z ang.] Sebastian Musielak. |
| 246 |
_iTyt. oryg.: _aThe complete idiot's guide to assertiveness |
||
| 260 |
_aPoznań : _bDom Wydawniczy "Rebis", _c1999. |
||
| 300 |
_a378, [1] s. : _bil. ; _c23 cm. |
||
| 490 | 1 | _aDla Żółtodziobów : czyli wszystko, co powinieneś wiedzieć o... | |
| 500 | _aTyt. oryg.: "The complete idiot's guide to assertiveness" 1997. | ||
| 504 | _aBibliogr. - Indeks. | ||
| 650 | 9 | _aAsertywność | |
| 655 | _aWydawnictwa popularne | ||
| 830 | _aDla Żółtodziobów : czyli wszystko, co powinieneś wiedzieć o... | ||
| 020 | _a8371207816 | ||
| 040 | _cBPK | ||
| 041 | 1 |
_apl _hen |
|
| 080 | _a159.923:316.64 | ||
| 920 | _a83-7120-781-6 | ||
| 942 | _cKS | ||
| 008 | s pl f |000 0 pol | ||
| 999 |
_c37251 _d37251 |
||